Gaming Quiz

Random Gaming Quiz

Call of Duty Modern Warfare: Cause of Death Quiz Stats

 Plays Quiz not verified by Sporcle

Support Sporcle.
Go Orange.
Score 0/14 Timer 05:00
0 Plays Today
% Correct
Ghost
87%
General Shepherd
85.6%
Roach
81.1%
Vladimir Makarov
80.2%
John 'Soap' MacTavish
78.2%
Sgt. Paul Jackson
76%
Viktor Zakhaev
72.1%
% Correct
Imran Zakhaev
70.8%
Lt. Vasquez
69.9%
Yuri
68.1%
Khaled Al-Asad
66.1%
Gaz
65.6%
Sgt. Kamarov
54.6%
SSgt. Griggs
53.5%

You're not logged in!

Compare scores with friends on all Sporcle quizzes.
OR
Log In
Remove Ads.
Support Sporcle.
Get the best of Sporcle when you Go Orange. This ad-free experience offers more features, more stats, and more fun while also helping to support Sporcle. Thank you for becoming a member.

Show Comments

Extras

Created May 3, 2015ReportNominate
Tags:Call of Duty

Top Quizzes Today


Score Distribution

Your Account Isn't Verified!

In order to create a playlist on Sporcle, you need to verify the email address you used during registration. Go to your Sporcle Settings to finish the process.

Report this User

Report this user for behavior that violates our Community Guidelines.

Details: